University Home | Library Home | Institutional Repository

Violent python : (Record no. 204485)

MARC details
000 -LEADER
fixed length control field 00616nam a2200181 4500
005 - DATE AND TIME OF LATEST TRANSACTION
control field 20200902160251.0
008 - FIXED-LENGTH DATA ELEMENTS--GENERAL INFORMATION
fixed length control field 200728b ||||| |||| 00| 0 eng d
020 ## - INTERNATIONAL STANDARD BOOK NUMBER
International Standard Book Number 971597499576
040 ## - CATALOGING SOURCE
Original cataloging agency LC
Transcribing agency LC
050 ## - LIBRARY OF CONGRESS CALL NUMBER
Classification number QA 76.73.P98
Item number OCO 2013
100 ## - MAIN ENTRY--PERSONAL NAME
Personal name O'Connor, T. J
245 ## - TITLE STATEMENT
Title Violent python :
Remainder of title a cookbook for hackers, forensic analysis, penetration testers, and security engineers /
Statement of responsibility, etc. T. J O'Connor
260 ## - PUBLICATION, DISTRIBUTION, ETC.
Place of publication, distribution, etc. Amsterdam :
Name of publisher, distributor, etc. Syngress,
Date of publication, distribution, etc. 2013
300 ## - PHYSICAL DESCRIPTION
Extent xv, 262 pages
Dimensions 24 cm
504 ## - BIBLIOGRAPHY, ETC. NOTE
Bibliography, etc. note Includes bibliographical references and index
650 ## - SUBJECT ADDED ENTRY--TOPICAL TERM
Topical term or geographic name entry element Python (Computer program language)
999 ## -
-- 204485
-- 204485
942 ## - ADDED ENTRY ELEMENTS (KOHA)
Koha item type Book
Holdings
Withdrawn status Lost status Source of classification or shelving scheme Damaged status Not for loan Home library Current library Shelving location Date acquired Total Checkouts Full call number Barcode Date last seen Date last checked out Copy number Price effective from Koha item type
    Library of Congress Classification     Main Library Main Library On Shelf 07/28/2020 3 QA 76.73.P98 OCO 2013 33729001641443 10/01/2022 09/23/2022 1 07/28/2020 Book
© 2026 - The University of Zambia Library - Koha v25.11